Curso de diseño arquitectónico /
Obra encaminada a proporcionar los elementos centrales de todo tipo de diseño técnico, incluyendo la solución de diversos problemas gráficos, las normas unificadas en este tipo de ejercicio profesional, así como los principios del levantamiento arquitectónico.
Guardado en:
| Hovedforfatter: | |
|---|---|
| Format: | Bog |
| Sprog: | spansk |
| Udgivet: |
México :
Trillas,
1994
|
| Fag: | |
| Tags: |
Ingen Tags, Vær først til at tagge denne postø!
|
MARC
| LEADER | 00000nam^a2200000^a^4500 | ||
|---|---|---|---|
| 001 | 000038990 | ||
| 005 | 20250526000000.0 | ||
| 009 | 20260310085526.472 | ||
| 020 | |a 968-24-3989-2 | ||
| 037 | |a Acervo ITESO - Biblioteca | ||
| 041 | |a ESP | ||
| 082 | |a 720. 28 |b NAV | ||
| 100 | |a Navale, M. |e (autor) | ||
| 245 | 1 | 0 | |a Curso de diseño arquitectónico / |c M. Navale; tr. por Isadora Somerville Arzate. |
| 264 | 1 | |a México : |b Trillas, |c 1994 | |
| 300 | |a 389 p. ; |c 34.0 cm. (gran formato) | ||
| 336 | |a texto |b txt |2 rdacontenido | ||
| 337 | |a sin mediación |b n |2 rdamedio | ||
| 338 | |a volumen |b nc |2 rdasoporte | ||
| 500 | |a Traducción de: Corso di disegno | ||
| 520 | |a Obra encaminada a proporcionar los elementos centrales de todo tipo de diseño técnico, incluyendo la solución de diversos problemas gráficos, las normas unificadas en este tipo de ejercicio profesional, así como los principios del levantamiento arquitectónico. | ||
| 649 | |a XX | ||
| 650 | |a Diseño Arquitectónico | ||
| 650 | |a Diseño Arquitectónico | ||
| 650 | |a Representación Arquitectónica | ||
| 650 | |a Diseño Asistido por Computadora | ||
| 910 | |a Fondo General | ||
| 920 | |a Impresos - Libros | ||
| 930 | |a Libros Antiguos y Raros | ||
| 905 | |a 108 | ||
| 901 | |a 0389900100 |b IT2 |c LRA |i 038990 |u 20250526 | ||
| 901 | |a 0500000337 |b IT2 |c LRA |u 20250526 | ||
| 902 | |a https://opac.biblio.iteso.mx/vufind/Record/000038990 | ||